000 00727nam a2200229Ia 4500
003 OSt
005 20220923222747.0
006 a|||||r|||| 00| 0
007 ta
008 220922b |||||||| |||| 00| 0 hin d
024 _a207,507
037 _cTextual
040 _aARTS
_cARTS
_bhin
041 _2hin
_ahin
082 _aO152,3NMA1:3, L7-;1
100 _aमटियानी, शैलेश
_9156369
245 0 _aछोटे-छोटे पक्षी
246 _aChhoṭe-chhoṭe pakṣhī
260 _aदिल्ली
_b नेशनल पब्लि हा0
_c1977
942 _hO152,3NMA1:3, L7-;1
_cTEXL
_2CC
999 _c358124
_d358124